00253nam a2200109Ia 4500100002200000654001200022245003600034260003400070082001900104300000800123546001200131 aLipschutz/ Poe/A  afortran aT/P of Programming with FORTRAN bMc Graw HillaSingaporec1987 a1.6424bLIP/PO a314 aENGLISH